Biografía del señor Prebendado Don José Hilario Cortés
Saved in:
| Main Author: | |
|---|---|
| Format: | Book |
| Language: | Spanish |
| Published: |
La Serena
Imprenta Industrial El Chileno
1911
|
| Edition: | 1a. ed |
| Subjects: | |
| Tags: |
Add Tag
No Tags, Be the first to tag this record!
|
MARC
| LEADER | 00000nam a2200000 a 4500 | ||
|---|---|---|---|
| 001 | UCJ4211 | ||
| 003 | CL-VaPUC | ||
| 008 | 070124e19110000CL |||||||||||||||||spa|d | ||
| 082 | 0 | 4 | |a 922 |b COR |2 21 |
| 100 | |a Munizaga, Manuel Ignacio |e autor |9 507442 | ||
| 245 | 1 | 0 | |a Biografía del señor Prebendado Don José Hilario Cortés |
| 250 | |a 1a. ed | ||
| 300 | |a 66 p | ||
| 942 | |c BK | ||
| 945 | |d 20070124 00:00:00 |a rinostro | ||
| 260 | |a La Serena |b Imprenta Industrial El Chileno |c 1911 | ||
| 500 | |a Fotografía del P. José H. Cortés | ||
| 600 | 0 | 7 | |a CASANOVA, BUENAVENTURA |2 CL-VaPUC |9 507429 |
| 600 | 0 | 7 | |a SEMINARIO DE LA SERENA |2 CL-VaPUC |9 507430 |
| 650 | 7 | |a BIOGRAFIA |2 CL-VaPUC |9 504622 | |
| 650 | 7 | |a NECROLOGIA |2 CL-VaPUC |9 504408 | |
| 650 | 0 | |a Sacerdotes |9 315705 | |
| 650 | 0 | |a Discursos |9 265028 | |
| 650 | 7 | |a HOMILIA FUNERAL |2 CL-VaPUC |9 507419 | |
| 650 | 0 | |a Homenajes |9 258192 | |
| 650 | 0 | |a Guerra del Pacífico |9 314886 | |
| 650 | 0 | |a Iconografía |9 267998 | |
| 651 | 7 | |a HUASCO |2 CL-VaPUC |9 507431 | |
| 651 | 7 | |a SAN FELIX |2 CL-VaPUC |9 507432 | |
| 651 | 7 | |a MIALQUI |2 CL-VaPUC |9 507433 | |
| 583 | |a last modification |c 20070124 00:00:00 |k Rodrigo Vera | ||
| 999 | |c 320328 |d 320326 | ||
| 952 | |0 0 |1 0 |4 0 |6 922_000000000000000_COR_1911 |7 0 |8 X |9 398829 |a FDOBUD |b FDOBUD |d 2019-11-22 |i 1015346 |o 922 COR 1911 |p 1015346 |r 2019-11-22 |w 2019-11-22 |y BK_X |k BUD | ||